Computer logic /
Guardado en:
| Autor Principal: | |
|---|---|
| Formato: | Libro |
| Idioma: | English |
| Publicado: |
London :
Wiley-Interscience,
c1971.
|
| Etiquetas: |
Agregar Etiqueta
Sin Etiquetas, Sea el primero en etiquetar este registro!
|
| LEADER | 00521cam a22001815 4500 | ||
|---|---|---|---|
| 001 | MAT.inmabb002113 | ||
| 008 | 720210s1971####enka#####b####001#0#eng#d | ||
| 005 | 20170607145354.0 | ||
| 245 | 1 | 0 | |a Computer logic / |c Alan Rose. |
| 260 | |a London : |b Wiley-Interscience, |c c1971. | ||
| 300 | |a xii, 180 p. : |b il. ; |c 24 cm. | ||
| 504 | |a Bibliografía: p. 173-174. | ||
| 510 | 4 | |a MR, |c 48 #5409 | |
| 020 | |a 0471735108 | ||
| 100 | 1 | |a Rose, Alan, |d 1927- | |
| 084 | |a 68-01 |2 MR | ||
| 010 | |a 72161088 | ||
| 859 | |h 68 |i R795 |p A-3769 |b BIB. MATEMATICA | ||
